| 000 | 00803nam a22002417a 4500 | ||
|---|---|---|---|
| 005 | 20230920170600.0 | ||
| 010 | _aENG-137455 | ||
| 020 |
_a9788119042166 _c380 |
||
| 035 | _aEN-120987 | ||
| 037 | _bDBAD/PUB | ||
| 082 | _a620.1 | ||
| 245 |
_aAdvanced materials and their Applications/ _cEdited by C. Kavitha...[et.al] |
||
| 260 |
_aTamil nadu _bShanlax Publications _c2023 |
||
| 270 |
_a61,66 T.P.K. Main Road, Vasantha Nagar, Madurai _bTamil Nadu _e625003 |
||
| 300 |
_a164p. _c24cm(pb) |
||
| 500 | _aProceedings of the international Seminar 25th January 2023 | ||
| 700 |
_aK.Jacinth Mispa _957186 |
||
| 700 |
_aP.Deepa Rani _957187 |
||
| 700 |
_aI.Abulkkalam Azath _957188 |
||
| 700 |
_aT.Kodispathi _957189 |
||
| 700 |
_aA.Ramdass _957190 |
||
| 942 |
_2ddc _cHN _h620.1 _mADV |
||
| 999 |
_c196841 _d196841 |
||